Datum a čas kvízu

28.5 Celkem bodů Celkový počet nahraných bodů na tomto kvízu bez doplňovacích otázek.
5. Pořadí na kvízu Konečné umístění týmu na tomto kvízu.

Zaznamenané odpovědi

# Otázka Odpověď Body Výsledky
1. Jeden muž si chtěl ulehčit par... přemaloval čáry na vozovce 0
2. V americkém Miami byla ve stře... Icon Of The Seas (Ikona moří) 0
3. Jak se nazývá snímek, který zí... Oppenheimer 1
4. Roční míra inflace v jisté zem... Argentina 0
5. V sobotu odstartoval fotbalový... Pobřeží Slonoviny 1
6. Některá slova mají různé grama... (o) hrabatech 1
7. Přiřaďte ke každému slovu jeho... 1A 2D 3B 4C 0
8. Dva gramatické rody můžeme při... sršeň 0
9. V minulé otázce jsme se ptali... zombie 0
10. Začátkem roku 2023 byla Ústave... hranolka, hranolek 0